Stress management / (Record no. 54314)

MARC details
000 -LEADER
fixed length control field 01995naa a2200277 4500
005 - DATE AND TIME OF LATEST TRANSACTION
control field 20110725140925.0
010 ## - LCCN (DPL NO)
LC control number B-441380-386
020 ## - INTERNATIONAL STANDARD BOOK NUMBER
International Standard Book Number 9788171676972
Terms of availability 95.00
035 ## - SYSTEM CONTROL NUMBER
System control number B-441380-386
037 ## - SOURCE OF ACQUISITION
Source of stock number/acquisition Rupa
082 ## - DEWEY DECIMAL CLASSIFICATION NUMBER
Classification number 155.9042
245 1# - TITLE STATEMENT
Title Stress management /
Statement of responsibility, etc complied by Ajanta Chakarvarty
260 ## - PUBLICATION, DISTRIBUTION, ETC. (IMPRINT)
Place of publication, distribution, etc New Delhi
Name of publisher, distributor, etc Rupa
Date of publication, distribution, etc 2002
270 ## - ADDRESS
City New Delhi
Address 7/16, Ansari Raod, Daryaganj,
Postal code 110002
300 ## - PHYSICAL DESCRIPTION
Extent 64p.
Dimensions 16cm(Hb)
700 ## - ADDED ENTRY--PERSONAL NAME
Personal name Chakarvarty, Ajanta
9 (RLIN) 30022
942 ## - ADDED ENTRY ELEMENTS (KOHA)
Institution code [OBSOLETE] dpl
Item type English Books
Source of classification or shelving scheme Dewey Decimal Classification
Call number suffix STR
Classification part 155.9042
Holdings
Withdrawn status Lost status Not for loan Collection code Home library Current library Date acquired Source of acquisition Cost, normal purchase price Full call number Barcode Copy number Cost, replacement price Koha item type
      Non-fiction Bawana Bawana 04/08/2011 Allied/DE/2011/CR/0000149/27.4.11/85/24.3.11/10.6.11 95.00 155.9042 STR B-441385 1 95.00 English Books
      Non-fiction Central Library Central Library 04/08/2011 Allied/DE/2011/CR/0000149/27.4.11/85/24.3.11/10.6.11 95.00 155.9042 STR B-441380 1 95.00 English Books
      Non-fiction Janak Puri Janak Puri 04/08/2011 Allied/DE/2011/CR/0000149/27.4.11/85/24.3.11/10.6.11 95.00 155.9042 STR B-441382 1 95.00 English Books
  Written-off vide DLB M. No. 383 dt 16.05.19   Non-fiction Patel Nagar Patel Nagar 04/08/2011 Allied/DE/2011/CR/0000149/27.4.11/85/24.3.11/10.6.11 95.00 155.9042 STR B-441381 1 95.00 English Books
      Non-fiction Sarojini Nagar Sarojini Nagar 04/08/2011 Allied/DE/2011/CR/0000149/27.4.11/85/24.3.11/10.6.11 95.00 155.9042 STR B-441383 1 95.00 English Books
      Non-fiction Shahdara Branch Shahdara Branch 04/08/2011 Allied/DE/2011/CR/0000149/27.4.11/85/24.3.11/10.6.11 95.00 155.9042 STR B-441386 1 95.00 English Books
      Non-fiction Vinoba Puri Vinoba Puri 04/08/2011 Allied/DE/2011/CR/0000149/27.4.11/85/24.3.11/10.6.11 95.00 155.9042 STR B-441384 1 95.00 English Books

© Delhi Public Library
Hit Counter
free hit counter